• 首页
  • 本馆介绍
  • 公告通知
  • 最新文献
  • 馆藏检索
  • 电子资源
  • 读者导购
  • 参考咨询
  • 我的图书馆
  • 登录
  • 详细信息显示
  • 放入我的书架
  • 预约/预借图书
  • 作者相关作品
  • 分类相关作品
  • 丛书相关作品
  • 出版社相关作品

书目信息

  • 表格格式
  • 工作单格式
  • 卡片格式
题名:
房龙讲述地理的故事
    
 
作者: 房龙 著 ;汪德春 译
分册:  
出版信息: 北京   东方出版社  2005
页数: 28,445页
开本: 23cm
丛书名: “大师·名著·故事”系列
单 册:
中图分类: C912.8
科图分类:
主题词: 社会地理学--世界--通俗读物 , 社会地理学
电子资源:
ISBN: 7-5060-1869-1
000 01016oam2 2200289 450
001 002667341
005 20070807110754.82
010    @a7-5060-1869-1@dCNY59.90
100    @a20040618e20062005em y0chiy0110 ea
101 1  @achi@ceng
102    @aCN@b110000
105    @aa z 000yy
106    @ar
200 1  @a房龙讲述地理的故事@Afang long jiang shu di li de gu shi@f(美)房龙著@F( mei ) fang long zhu@g汪德春译@Gwang de chun yi
205    @a2版
210    @a北京@c东方出版社@d2005@h2006重印
215    @a28,445页@c图@d23cm
225 2  @a“大师·名著·故事”系列@A“ da shi· ming zhu· gu shi” xi lie
330    @a本书是一部有关地理的通俗读物,作者将枯燥的科学知识,用通俗的语言、生动的图片娓娓道来。
461  0 @12001 @a“大师·名著·故事”系列
606 0  @a社会地理学@y世界@j通俗读物
606 0  @a社会地理学
690    @aC912.8@v4
701  0 @c(美)@a房龙@Afang long@c(van Loon, W.H.@f1882~1944)@4著
702  0 @a汪德春@Awang de chun@4译
801  0 @aCN@bNLC@c20070807
905    @dC912.8@e637=2@f3
    
    房龙讲述地理的故事/(美)房龙著/汪德春译.-2版.-北京:东方出版社,2005(2006重印)
    28,445页:图;23cm.-(“大师·名著·故事”系列)
    
    
    ISBN 7-5060-1869-1:CNY59.90
    本书是一部有关地理的通俗读物,作者将枯燥的科学知识,用通俗的语言、生动的图片娓娓道来。
●
相关链接 在E读中查询图书 在五车中查询图书 在当当中查询图书 在豆瓣中查询图书


正题名:房龙讲述地理的故事     索取号:C912.8/637=2         预约/预借

序号 登录号 条形码 馆藏地/架位号 状态 备注
1 0853969   208539697   第一样本阅览室/ [索取号:C912.8/637=2] 在馆    
2 0853970   208539704   第一借阅区/ [索取号:C912.8/637=2] 在馆    
3 0853971   208539713   第一借阅区/ [索取号:C912.8/637=2] 在馆    
唐山师范学院图书馆 欢迎您!
大连网信软件有限公司© 版权所有